| 000 | 00341nam a2200133Ia 4500 | ||
|---|---|---|---|
| 008 | 240624s9999 xx 000 0 und d | ||
| 041 | _aeng | ||
| 082 | _a425 CAU | ||
| 100 | _aCAUVERI B | ||
| 245 | _aEFFECTIVE ENGLISH FOR ENGINEERING STUDEN | ||
| 260 |
_c2007 _aNew Delhi _bMacmillan India |
||
| 300 | _a225 : p. : cm. ; 26 | ||
| 365 |
_cRS _b32 |
||
| 999 |
_c6829 _d6829 |
||